000 00543nam a2200193Ia 4500
005 20250326142404.0
008 250326s9999 xx 000 0 und d
037 _aTextbook
040 _aFMSL
_beng
_cFMSL
041 _aeng
_2eng
084 _aX:8D N4
_qFMSL
100 _aRathanm P V
_9745991
245 0 _aRatham's ficial management theory problems and solutions
_cRathanm P V
250 _aEd 2
260 _aAllhabad
_bAllhabad, Kitab Mahal
_c1994
300 _a886p
942 _cTB
_hX:8D N4
999 _c1294793
_d1294793